| 000 | 00476 a2200169 4500 | ||
|---|---|---|---|
| 999 |
_c160 _d160 |
||
| 008 | 210727b ||||| |||| 00| 0 eng d | ||
| 020 | _a9780273693987 | ||
| 082 | 0 | 0 |
_a658.8 _bD7541 |
| 100 | _aDoyle, Peter | ||
| 245 |
_aMarketing management and startegy / _cby Peter Doyle and Philip Stern |
||
| 250 | _a4th ed. | ||
| 260 |
_aHarlow: _bPrentice Hall Education Ltd, _c2006. |
||
| 300 | _axii, 446 p. | ||
| 650 | 0 | _aMarketing | |
| 700 |
_95113 _aStern, Philip |
||
| 942 |
_2ddc _cBK |
||